States' Presidential Choices II Quiz Stats

 Plays Quiz not verified by Sporcle

Challenge
Share
Tweet
Embed
Score 0/9 Timer 08:00
0 Plays Today
Percentage of years voting for winner State % Correct
52%Alabama
80.7%
52%Mississippi
70.5%
62%Hawaii
45.5%
62%Alaska
42%
56%Maine
39.8%
60%Georgia
39.8%
60%Georgia
38.6%
56%Vermont
34.1%
60%Georgia
33%

You're not logged in!

Compare scores with friends on all Sporcle quizzes.
OR
Log In

You Might Also Like...

Show Comments

Extras

Top Quizzes Today


Score Distribution

Your Account Isn't Verified!

In order to create a playlist on Sporcle, you need to verify the email address you used during registration. Go to your Sporcle Settings to finish the process.

Report this User

Report this user for behavior that violates our Community Guidelines.

Details: